Animal Word Chain Game - Statistics

General Stats
  • This quiz has been taken 147 times
  • The average score is 16 of 17
Answer Stats
Hint Answer % Correct
Most popular pet in the world, descendant of a wolf Dog
100%
Tallest animal in the world Giraffe
100%
Large land animals with big ears, mostly grey Elephant
99%
Like monkeys but bigger, big apes, mostly black Gorilla
98%
Mostly in Australia, has a pouch, known for jumping Kangaroo
98%
Looks like a mouse, lots of them in New York Rat
98%
Orange animal with black stripes Tiger
98%
"Quack Quack" Duck
97%
Harry Potter's pet, "Hoo Hoo", nocturnal birds Owl
96%
Has eight tentacles, has three hearts, can change color Octopus
95%
Looks like a frog, with bumpy skin Toad
95%
Found in Australia, small, grey mammal, usually in trees Koala
94%
Star shaped sea animal Starfish
89%
I have eyes like a ___, bird of prey, strong beaks for biting Hawk
87%
Golden fur with dark spots grouped in rosettes, cat family, aka panther Leopard
85%
Hard shell protection, similar to anteaters Armadillo
81%
Amphibians, salamanders, lots of them are pink, feathery gills Axolotl
40%
No matching quizzes found
Score Distribution
Percent of People with Each Score
Percentile by Number Answered
Your Score History
You have not taken this quiz